Départements français sans voyelles #2 - Statistiques

Statistiques générales
  • Ce quiz a été pris 537 fois
  • Le résultat moyen est 17 sur 20
Statistiques - réponses
Indices Réponses % Correct
BS-RHN Bas-Rhin
97%
HT-SV Haute-Savoie
95%
VCLS Vaucluse
95%
CTS-D'RMR Côtes-d'Armor
94%
HTS-D-SN Hauts-de-Seine
93%
GRD Gard
91%
JR Jura
91%
HT-VNN Haute-Vienne
89%
LPS-D-HT-PRVNC Alpes-de-Haute-Provence
88%
MRN Marne
87%
MNCH Manche
86%
SMM Somme
86%
CRS-D-SD Corse-du-Sud
85%
P-D-DM Puy-de-Dôme
83%
NVR Nièvre
80%
NDR-T-LR Indre-et-Loire
78%
PRNS-RNTLS Pyrénées-Orientales
76%
CRS Creuse
72%
SSNN Essonne
71%
PRS Paris
69%
Aucun quiz correspondant
Distribution des résultats
% des personnes avec chaque résultat
Percentile par nombre de réponses
Votre historique - résultats
Vous n’avez pas pris ce quiz